000
002920000a22001330004500
003
MACL
040
_a
MACL
090
_c
32290
_d
32288
100
_a
Thompson, J M
245
_a
The French Revolution
260
_b
Surjeet Publications
_c
1997
650
_a
Sociology
942
_c
BOOK
_k
303.64/THO
999
_c
31961
_d
31961